Ciencia griega.
Uloženo v:
| Hlavní autor: | |
|---|---|
| Další autoři: | |
| Médium: | Kniha |
| Jazyk: | španělština |
| Vydáno: |
Barcelona, España:
Icaria,
1979
|
| Vydání: | Primera edición. |
| Témata: | |
| Tagy: |
Přidat tag
Žádné tagy, Buďte první, kdo vytvoří štítek k tomuto záznamu!
|
MARC
| LEADER | 00000nam a2200000 a 4500 | ||
|---|---|---|---|
| 001 | UCX4628 | ||
| 003 | CL-VaPUC | ||
| 005 | 20220408130251.0 | ||
| 008 | 920626e19860000SP |||||||||||||||||spa|d | ||
| 999 | |c 225047 |d 225045 | ||
| 020 | |a 84-7426-051-5 | ||
| 040 | |c Pontificia Universidad Católica de Valparaíso | ||
| 082 | 0 | 4 | |a 509 FAR 1979 |2 21 |
| 100 | 1 | |a Farrington, Benjamin |e autor |9 334566 | |
| 245 | 1 | 0 | |a Ciencia griega. |
| 250 | |a Primera edición. | ||
| 260 | |a Barcelona, España: |b Icaria, |c 1979 | ||
| 300 | |a 301 páginas. | ||
| 500 | |a c.2 Donación Familia Prof. Alejandro Guzmán Brito. | ||
| 583 | |a last modification |c 19920626 00:00:00 |k Rodrigo Vera | ||
| 650 | 0 | |a Ciencia |9 255691 |z Grecia |x Historia | |
| 700 | |a Nikos, Elsa Ariadna |e traducción |9 866119 | ||
| 942 | |c BK |2 ddc | ||
| 945 | |d 19920626 00:00:00 | ||
| 952 | |0 0 |1 0 |4 0 |6 509_000000000000000_FAR_1979 |7 0 |8 A |9 222213 |a BIBHIS |b BIBHIS |d 2019-11-15 |i 2910586 |o 509 FAR 1979 |p 2910586 |r 2025-01-20 |w 2019-11-15 |y BK |k HIS | ||